Online katalóg knižníc regiónu Turca

Červ (Record no. 22259)

MARC details
000 -LEADER
fixed length control field 01679cam a2200481 4500
001 - CONTROL NUMBER
control field 22259
003 - CONTROL NUMBER IDENTIFIER
control field VRT
005 - DATE AND TIME OF LATEST TRANSACTION
control field 20260324145703.0
008 - FIXED-LENGTH DATA ELEMENTS--GENERAL INFORMATION
fixed length control field 220509s2020 xo gr 010 fdslo
015 ## - NATIONAL BIBLIOGRAPHY NUMBER
National bibliography number SNBA2021/06
020 ## - INTERNATIONAL STANDARD BOOK NUMBER
International Standard Book Number 9788055175881
Qualifying information (viazané)
035 ## - SYSTEM CONTROL NUMBER
System control number urn:nbn:sk:snk-am00gkrc
035 ## - SYSTEM CONTROL NUMBER
System control number urn:nbn:sk:snk-am3j7id
035 ## - SYSTEM CONTROL NUMBER
System control number 42EA4BCF-18C8-4D5C-96C1-E864EABA59A7
039 #9 - LEVEL OF BIBLIOGRAPHIC CONTROL AND CODING DETAIL [OBSOLETE]
Level of rules in bibliographic description 202302100956
Level of effort used to assign nonsubject heading access points msnk159
Level of effort used to assign subject headings 202210200822
Level of effort used to assign classification msvkbb06
Level of effort used to assign subject headings 202210191433
Level of effort used to assign classification msvkbb06
Level of effort used to assign subject headings 202205091701
Level of effort used to assign classification VLOAD
040 ## - CATALOGING SOURCE
Original cataloging agency TVZK
Language of cataloging slo
Transcribing agency TVZK
Modifying agency SNK
Description conventions rda
041 0# - LANGUAGE CODE
Language code of text/sound track or separate title slo
044 ## - COUNTRY OF PUBLISHING/PRODUCING ENTITY CODE
MARC country code xo
ISO country code SK
072 #7 - SUBJECT CATEGORY CODE
Subject category code 821.162.4-3
Subject category code subdivision Slovenská próza
Source konspekt
080 ## - UNIVERSAL DECIMAL CLASSIFICATION NUMBER
Universal Decimal Classification number 821.162.4-31
Edition identifier 2011
080 ## - UNIVERSAL DECIMAL CLASSIFICATION NUMBER
Universal Decimal Classification number (0:82-322.4)
Edition identifier 2011
100 1# - MAIN ENTRY--PERSONAL NAME
Personal name Kozmon, František,
Dates associated with a name 1988-
Relationship aut
245 10 - TITLE STATEMENT
Title Červ
Statement of responsibility, etc. František Kozmon
250 ## - EDITION STATEMENT
Edition statement Prvé vydanie
264 #1 - PRODUCTION, PUBLICATION, DISTRIBUTION, MANUFACTURE, AND COPYRIGHT NOTICE
Place of production, publication, distribution, manufacture Bratislava
Name of producer, publisher, distributor, manufacturer Ikar
Date of production, publication, distribution, manufacture, or copyright notice 2020
300 ## - PHYSICAL DESCRIPTION
Extent 388 strán
Dimensions 21 cm
336 ## - CONTENT TYPE
Content type term text
Content type code txt
Source rdacontent
337 ## - MEDIA TYPE
Media type term bez média
Media type code n
Source rdamedia
338 ## - CARRIER TYPE
Carrier type term zväzok
Carrier type code nc
Source rdacarrier
500 ## - GENERAL NOTE
General note Obsahuje biografické údaje o autorovi na záložke prebalu publikácie
655 #7 - INDEX TERM--GENRE/FORM
Genre/form data or focus term slovenské romány
Source of term SNKPH
655 #7 - INDEX TERM--GENRE/FORM
Genre/form data or focus term detektívne príbehy
Source of term SNKPH
655 #7 - INDEX TERM--GENRE/FORM
Genre/form data or focus term Slovak fiction
Source of term SNKPHeng
655 #7 - INDEX TERM--GENRE/FORM
Genre/form data or focus term Detective stories
Source of term SNKPHeng
787 08 - OTHER RELATIONSHIP ENTRY
Relationship information Zo série:
Title Marek Wolf
Related parts 5
910 ## - USER-OPTION DATA (OCLC)
User-option data snk
942 ## - ADDED ENTRY ELEMENTS (KOHA)
Source of classification or shelving scheme Dewey Decimal Classification
Koha item type Krásna literatúra pre dospelých
Suppress in OPAC No
949 ## - LOCAL PROCESSING INFORMATION (OCLC)
6 17A1449835
a snkSC 191763
b snk2021/869
o 2100/2020
s 6100:20210504
949 ## - LOCAL PROCESSING INFORMATION (OCLC)
6 17A1449837
a snkSC 191763 D1
b snk2021/870
o 2100/2020
949 ## - LOCAL PROCESSING INFORMATION (OCLC)
6 273K0660934
a svkpoA 247463
b svkpo653195
949 ## - LOCAL PROCESSING INFORMATION (OCLC)
6 2889375843
a savukM 123293
b savuk2022/1042
949 ## - LOCAL PROCESSING INFORMATION (OCLC)
6 270001000652354
a svkbbA 148754-5
b svkbbm 801890
Holdings
Stav vyradenia Strata Poškodenie Spôsob nadobudnutia Domovská knižnica Aktuálna knižnica Dátum nadobudnutia Total checkouts Čiarový kód exemplára Date last seen Typ exemplára
      Dar Obecná knižnica Horná Štubňa Obecná knižnica Horná Štubňa 24.03.2026   9788055175881 24.03.2026 Krásna literatúra pre dospelých
Projekt je podporený Slovenskou asociáciou knižníc
Prevádzkuje Turčianska knižnica Martin 2026